000 00314nam a22001457a 4500
003 SGT
020 _a9789389017649
082 _a612
_bJOH
100 _aJOHN NITIN ASHOK
245 _aMANUAL OF PRACTICAL PHYSIOLOGY
260 _aINDIA
_bCBS PUB
_c2020
300 _a358
650 _aPHYSIOLOGY
942 _2ddc
_cBK
999 _c32351
_d32351